01572nam a2200181 a 450000100080000000500110000800800410001910000170006024501070007726001730018452009260035765000130128365000090129670000160130570000240132170000220134570000230136721803752025-10-29 2006 bl uuuu u00u1 u #d1 aCASTOLDI, R. aDesempenho de quatro genótipos de soja-hortaliça, em duas épocas de plantio.h[electronic resource] aHorticultura Brasileira, v. 24, n. 1, p. 877-880, jun. 2006. Suplemento. Trabalho apresentado no 46 Congresso Brasileiro de Olericultura, Goiania, 2006. 1 CD-ROM.c2006 aCom o objetivo de avaliar o desempenho de genótipos de soja-hortaliça, em diferentes épocas, foi instalado um ensaio, com delineamento experimental em blocos ao acaso, no esquema fatorial 4 x 2, com quatro genótipos e duas épocas de semeadura, com quatro repetições. Cada parcela experimental foi constituída por quatro linhas, com trinta plantas por linha, dispostas no espaçamento de 0,10m entre plantas e 0,60m nas entrelinhas, sendo avaliadas 10 plantas por parcela. Avaliaram-se altura de inserção da primeira vagem, número médio de vagens por planta, número médio de sementes por vagem, produção de vagens por planta, massa fresca de 100 sementes e produtividade total de grãos imaturos. Com base nos resultados obtidos, verificou-se que os genótipos JLM003, CNPSOI e JLMO010 são mais produtivos e que quando semeados em dezembro apresentam maiores produtividades do que se semeados em setembro. aSoybeans aSoja1 aBRAZ, L. T.1 aCHARLO, H. C. de O.1 aPANIZZI, M. C. C.1 aMENDONCA, J. L. de